| 000 | 01143nam a22003377a 4500 | ||
|---|---|---|---|
| 003 | CHAP | ||
| 005 | 20220329140213.0 | ||
| 008 | 971013s1977 r 00010 d | ||
| 010 | _a48517 | ||
| 011 | _a49489 | ||
| 035 | _a53638 | ||
| 040 | _cCHAP | ||
| 082 |
_a338.14 _bF32 |
||
| 110 |
_aFAO. Oficina Regional para América Latina _939639 |
||
| 245 | _aDirectorio internacional de instituciones gubernamentales de mercadeo agrícola en América Latina | ||
| 260 |
_aSantiago : _bFAO, _c1977 |
||
| 300 | _a144 p. | ||
| 500 | _aSup. 1978 Santiago, 1978, 26 p. | ||
| 590 |
_aBATCH-UPD _b10 _c20130110 _lUCH01 _h0104 |
||
| 590 |
_aBATCH-UPD _b10 _c20130110 _lUCH01 _h1833 |
||
| 590 |
_aBATCH-UPD _b10 _c20130410 _lUCH01 _h1204 |
||
| 590 |
_aBATCH-UPD _b10 _c20130914 _lUCH01 _h0859 |
||
| 590 |
_aCONVERSION _b10 _c20130109 _lUCH01 _h1326 |
||
| 650 | 1 | 4 |
_aProductos agrícolas _xMercadeo. _991951 |
| 700 | 0 |
_aCastro, Leandro. _920459 |
|
| 700 | 0 |
_aElliott, Janet. _936372 |
|
| 901 | _aBK | ||
| 942 | _cLIBRO | ||
| 949 |
_a338.14 F32 _bBC _cFAO _d-118821 _eFAO1 _h44278 _i53638 _si |
||
| 949 |
_a338.14 F32 _bBC _cFAO _d-118822 _eFAO2 _fsup. _h16063 _i53638 _si |
||
| 999 |
_c48517 _d48517 |
||